Queen : tutti i testi con traduzione a fronte /

Guardat en:
Dades bibliogràfiques
Autor corporatiu: Queen (gruppo musicale) (Autor)
Altres autors: Felsani, Max, Primi, Michele, Saita, Mauro
Format: Llibre
Idioma:anglès
italià
Publicat: Firenze : Giunti, 1997
Col·lecció:Bizarre
Sound garden
Etiquetes: Afegir etiqueta
Sense etiquetes, Sigues el primer a etiquetar aquest registre!

MARC

LEADER 00000nam a2200000 i 4500
001 IT\ICCU\CFI\0330622
003 ItRI
005 20260115231859.0
008 970407s1997 it |||||| ||||| |||||c
015 |2 IT  |a 98-4381 
020 |a 8809210735 
020 |a 9788809024182 (7. rist. 2009) 
040 |b ita  |c importazione bologna sebina 
041 7 |a eng  |a ita  |2 ISO-639-2 
082 |a 782.42166  |9 FORME VOCALI PROFANE. CANZONI rock  |2 20 
110 2 |a Queen (gruppo musicale)  |0 IT\ICCU\VEAV\016967  |4 aut 
245 0 0 |a Queen :  |b tutti i testi con traduzione a fronte /  |c a cura di Max Felsani, Michele Primi e Mauro Saita. 
260 |a Firenze :  |b Giunti,  |c 1997 
300 |a 334 p. ;  |c 23 cm 
500 |a Trad. di M. Felsani, M. Primi, M. Saita. 
700 1 |a Felsani, Max  |0 IT\ICCU\CFIV\158398 
700 1 |a Primi, Michele  |0 IT\ICCU\CFIV\158402 
700 1 |a Saita, Mauro  |0 IT\ICCU\CFIV\158403 
830 0 |a Bizarre  |0 IT\ICCU\REA\0035294 
830 0 |a Sound garden  |0 IT\ICCU\CFI\0306027 
942 |2 ddc  |c BK  |n 0 
952 |0 0  |1 0  |4 0  |6 DOC_782_421000000000000_QUE  |7 0  |9 15159  |a BO  |b BO  |d 2026-01-15  |i 14311  |l 0  |o DOC 782.421 QUE  |p BO14311  |r 2026-01-15 23:18:59  |w 2026-01-15  |x [Sebina 5] [1 v.]  |y BK  |z 1 v. 
999 |c 13046  |d 13046